00505 2200181 4500001002100000008004100021035001900062245007200081100002200153260003400175300002600209020002100235084001500256082000900271650000900280990001700289990001700306INLIS000000000016441 Ind $a 0010-0525000104$a Uang logam kina : $b Seri literasi finansial / $c Dhaniar W Sharfina$a Dhaniar W Sharfina$a Depok: $b Little aeta $c 2024 $a 20 hlm. ; $c 20x20 cm.$a 978-623-8137-07-7$a 741.5 Dha u$a 741.5$a KOMIK$a 35385/BT/2024$a 35386/BT/2024